| 000 | 00780nam a22001937a 4500 | ||
|---|---|---|---|
| 005 | 20240320144656.0 | ||
| 010 | _aHIN-127148 | ||
| 020 |
_a9789391277901 _c990.00 |
||
| 035 | _aHN-99494 | ||
| 037 | _bDBAD/PUB. | ||
| 082 | _a821.08 | ||
| 100 |
_aजोशी,ज्योतिष _963676 |
||
| 245 |
_aतुलसीदास का स्वपन और लोक/ _cज्योतिष जोशी |
||
| 260 |
_aउत्तर प्रदेश _bसेतु प्रकाशन _c2023 |
||
| 270 |
_aसी-21 सेक्टर-65 नॉएडा _bउत्तर प्रदेश _e201301 |
||
| 300 |
_a398पृ; _c21 सेमी (सजिल्द) |
||
| 700 | _963631 | ||
| 942 |
_adpl _cHN _2ddc _h821.08 _mजोशीज्यो |
||
| 999 |
_c201651 _d201651 |
||